| 000 | 01102nam0a22003011 4500 | ||
|---|---|---|---|
| 001 | v19\rc\2078012 | ||
| 005 | 20250620032344.0 | ||
| 035 | _a(NLR Aleph) 005149101 | ||
| 090 |
_a4882387 _c4882387 |
||
| 100 | _a20081218d1910 |||y0rusy50 ca | ||
| 101 | 0 | _arus | |
| 102 | _aRU | ||
| 105 | _ay z ||||| | ||
| 200 | 1 |
_a[Лень - плохой товарищ _e(Сценка в 1-м д. для детей)] _fМ. Хитрик |
|
| 210 |
_a[Луганск _d1910] |
||
| 215 |
_a[2], 12 с. _d18 |
||
| 225 | 1 | _aЕврейская детская библиотека | |
| 311 | _a"Юный Израиль". Прил. 1910, № 43/44 | ||
| 316 |
_aЭкз. РНБ (3/3099): приплетен к журн. ... _5NLR: 3/3099 |
||
| 422 | 0 |
_12001#$aЮный Израиль$v1910, № 43/44 _tЮный Израиль |
|
| 482 | 0 |
_1001RU\NLR\Per\1048341 _12001#$aЮный Израиль$v1910, № 43/44 |
|
| 540 | 1 | _aЛень - плохой товарищ | |
| 700 | 1 |
_aХитрик _bМ. |
|
| 801 | 0 |
_aRU _bNLR _gpsbo |
|
| 801 | 1 |
_aRU _bProSoft-M _2rusmarc |
|
| 852 |
_aNLR _j3/3099 |
||
| 942 | _cBOOK | ||
| 980 | _aNB | ||